back to friends - sombr - All Lyrics - Statistics

General Stats
  • This quiz has been taken 795 times
    782 since last reset
  • The average score is 156 of 191
Answer Stats
Answer % Correct
to
99%
a
98%
back
98%
friends
98%
we
98%
I
97%
when
97%
can
96%
go
96%
How
96%
you
96%
You
96%
bed?
95%
being
95%
just
95%
shared
95%
me
94%
and
91%
at
91%
look
91%
pretend
91%
I'm
90%
met?
89%
met
89%
never
89%
someone
89%
you've
81%
my
79%
the
77%
The
77%
your
76%
Touch
70%
body
69%
tender
68%
was
66%
on
64%
want
64%
Didn't
62%
in
62%
move
60%
head
59%
makes
59%
scared
59%
were
59%
(Yeah)
59%
eyes
58%
take
58%
weak
58%
December
57%
feeling
57%
It
57%
last
57%
remember
57%
breath
55%
still
55%
'Cause
54%
chest
54%
looking
54%
you're
53%
see
52%
down
51%
is
51%
layin'
51%
covers
49%
while
49%
devil
48%
let
48%
This
48%
Won't
46%
deny
43%
off
43%
holding
42%
Kicking
41%
too
41%
lies
39%
casual
36%
ceiling
36%
sold
36%
tight
32%
No matching quizzes found
Score Distribution
Percent of People with Each Score
Percentile by Number Answered
Your Score History
You have not taken this quiz since the last reset